Регионална библиотека "Любен Каравелов" - Русе

Феите от Мерлин и други приказки (Запис номер 68251)

MARC детайли
000 -Лидер
Контролно поле с фиксирана дължина 01410nam a2200349 c 4500
003 - Код на организацията, давaща контролен номер
Контролно поле BLK
005 - Дата и час на последна редакция
Контролно поле 20250320115054.0
008 - Елементи от данни с фиксирана дължина
fixed length control field 180408b bul|||||r ||||||| ||bul||
010 ## - Наследен системен номер
LC control number KNG00072569000
020 ## - Международен стандартен номер на книга ISBN
Международен стандартен номер на книга ISBN 954-91713-3-7
-- издат.: Посоки
040 ## - Източник на каталожния запис
Идентификатор на билиотеката - собственик на записа BLK
041 ## - Код за език
Код за езика на текст/звукозапис или на отделно заглавие Български
Код за езика КДБФ Български
080 ## - УДК
Текстов определител УДК Литература на отделни езици и езикови семейства
УДК код - определител по УДК 821
УДК определител -93-34
УДК - код + определител 821-93-34
139 ## - Редно поле
Редна дума Феите от Мерлин и други приказки
Авторски знак Феи - Ф 34
245 10 - Сведения за заглавието
Заглавие Феите от Мерлин и други приказки
Редно поле (дума) прев. от рус. Адриан Николаев Лазаровски.
257 ## - Страна на издаване
Страна на създаване/издаване Сборници - Свят
260 ## - Област на издателските данни
-- София
Име на издателя, разпространителя и проч. Посоки
Година на издаване 2005
300 ## - Физическа характеристика
Страници 188 с.
Илюстрации и др. с ил.
Размери/Мащаб 24 см
380 ## - Жанр
Жанр Детска худож. лит.
490 1# - СЕРИИ (Колекции)
Име на серия Приказен свят
500 ## - Общи забележки
Забележка Други прев. Г. Стойчева, И. Желязкова. - Офс. изд.
653 ## - Ключова дума – ненормативна
Ключова дума приказки
653 ## - Ключова дума – ненормативна
Ключова дума литература за деца
653 ## - Ключова дума – ненормативна
Ключова дума детска литература
700 ## - Други автори (авторска отговорност)
Лично име Лазаровски, Адриан Николаев
Дати, свързани с автора 1976-2015
Друга информация Преводач от руски и английски език
9 (RLIN) 368465
852 ## - Местоположение
Форматна сигнатура Цб 232130
856 4# - Електронен адрес и достъп
Електронен формат pdf - файл
Път до файла /url/
856 4# - Електронен адрес и достъп
Електронен формат pdf - файл
Път до файла /url/
942 ## - АРТИКУЛИ
Вид на библиотечния материал Книги
Скрит в OPAC Не
Koha issues (borrowed), all copies 6
944 ## - СЪЗДАВАНЕ И РЕДАКЦИЯ на ЗАПИСА
Създаване/Редакция Създаване
Дата на регистрацията/редакция 08.03.2007
Служител, извършил регистрацията/редакцията 30529
Статус, дата на статуса Диана Гривева
944 ## - СЪЗДАВАНЕ И РЕДАКЦИЯ на ЗАПИСА
Създаване/Редакция Редакция
Дата на регистрацията/редакция 11.10.2007
Служител, извършил регистрацията/редакцията
999 ## - СИСТЕМНИ КОНТРОЛНИ НОМЕРА
Koha biblionumber 68251
Koha biblioitemnumber 68251
Наличности
Код за отписване Код за изгубен артикул Код за повреда Коз за рестрикции Код за отдаване Артикулен № Име на библиотеката - собственик Име на библиотеката, в която се намира в момента Статус (Текущо местоположение) Дата на вписване в системата Местоположение - отдел Цена в лева Инвентарен номер Систематично азбучна сигнатура Баркод Номер на екземпляра Цена в евро Служебна бележка Служебен тип на артикула Източник на класификационната схема
  Не е изгубен Не е повреден без рестрикции ползва се в читалня 112323 Регионална библиотека "Любен Каравелов" Русе Регионална библиотека "Любен Каравелов" Русе Хранилище 2007-03-09 Хранилище 6.50 120000710873 Цб 232130 120000710873 1 3.32 Дост: Dp Вид: Д N: 24 Дата: 24.05.2006 Книги  
Изтеглен Не е изгубен Не е повреден без рестрикции заемане за дома 112324 Регионална библиотека "Любен Каравелов" Русе Регионална библиотека "Любен Каравелов" Русе Детски отдел 2007-10-10 Детски отдел 6.50 120000717846 ДХ 820/899/Ф 34 120000717846 2 3.32 Дост: Pk Вид: Ф N: 9217 Дата: 01.10.2007 Дата инв: 14.08.2015 Бележки инв: Д2015 Книги Universal Decimal Classification
  Не е изгубен Не е повреден без рестрикции заемане за дома 112325 Регионална библиотека "Любен Каравелов" Русе Регионална библиотека "Любен Каравелов" Русе Детски отдел 2007-10-10 Детски отдел 6.50 120000717847 ДХ 820/899/Ф 34 120000717847 3 3.32 Дост: Pk Вид: Ф N: 9217 Дата: 01.10.2007 Дата инв: 14.08.2015 Бележки инв: Д2015 Книги  
  Не е изгубен Не е повреден без рестрикции заемане за дома 112326 Регионална библиотека "Любен Каравелов" Русе Регионална библиотека "Любен Каравелов" Русе Детски отдел 2007-10-10 Детски отдел 6.50 120000717848 ДХ 820/899/Ф 34 120000717848 4 3.32 Дост: Pk Вид: Ф N: 9217 Дата: 01.10.2007 Дата инв: 14.08.2015 Бележки инв: Д2015 Книги  
Vip Innovations Ltd, Rousse, Bulgaria 2025